Guess the Hamilton Song #27 - Statistics

General Stats
  • This quiz has been taken 922 times
  • The average score is 172 of 325
Answer Stats
Lyric % Correct
A
97%
a
97%
I
96%
the
91%
The
91%
do
86%
Ham
86%
you
86%
You
86%
an
85%
be
81%
it
80%
to
79%
to-
79%
Hamilton,
78%
How
78%
how
78%
your
78%
in
77%
does
74%
me
74%
Burr
73%
Burr,
73%
where
72%
on
71%
am
70%
Alexander
69%
And
69%
and
69%
have
68%
no
68%
No
68%
Of
68%
of
68%
dot
63%
For
63%
for
63%
servant
63%
obedient
60%
or
60%
room
58%
time
57%
happens
55%
honor
55%
from
54%
Just
54%
just
54%
But
53%
man
52%
If
51%
if
51%
bastard,
49%
Jefferson,
49%
orphan
49%
wanna
49%
what
49%
last
48%
my
48%
by
47%
Dear
47%
his
47%
is
47%
not
47%
As
46%
has
45%
immigrant,
45%
mine
45%
keep
44%
winning?
43%
anger
42%
You've
42%
you've
42%
every
41%
only
41%
place
41%
place,
41%
slow
41%
Thomas
41%
been
40%
disrespect
39%
he's
39%
kept
39%
with
39%
back
38%
life
38%
look
38%
say,
38%
You're
38%
common
37%
line
37%
Then
37%
beginning
36%
one
36%
call
35%
endorse
35%
name
35%
reckon
35%
since
35%
Somehow
35%
enemy
34%
despised
33%
got
33%
arrogant
32%
checked
32%
face-
32%
face
32%
effects
31%
failed
31%
Now
30%
'Dangerous
29%
disgrace"
29%
something
29%
thread
29%
whoreson
26%
will
26%
said
24%
said,
24%
toe
24%
at
23%
Guns
23%
it's
23%
Mr.
23%
knows
22%
President
22%
reason
22%
trusts
21%
dawn
20%
list
20%
Vice
20%
don't
19%
stand
19%
stand,
19%
Sweet
19%
years
19%
believe
18%
drawn
18%
Jesus
18%
thirty
18%
can't
17%
eye
17%
good
17%
guy
17%
more
17%
think
17%
Careful
16%
itemized
16%
disagreements
15%
Even
15%
need
15%
our
15%
right
15%
would
15%
always
14%
Here's
14%
public
14%
Hey,
13%
opinion
13%
proceed,
13%
grievance
12%
sleeve
12%
specific
12%
Tryna
12%
worn
12%
"amoral"
11%
apologise
11%
cite
11%
won't
11%
fight
10%
shy
10%
true
9%
because
8%
best
8%
bleed,
8%
equivocate
8%
prepare
8%
republic,
8%
what's
8%
feet
7%
lay
7%
yourself,
7%
accusations
6%
bit
6%
doing
6%
Weehawken,
6%
Answer
5%
indeed,
5%
legitimate
4%
Intemperate
2%
No matching quizzes found
Score Distribution
Percent of People with Each Score
Percentile by Number Answered
Your Score History
You have not taken this quiz